[Event "Tel Aviv"]
[Site "Tel Aviv"]
[Date "2001.02.26"]
[Round "6"]
[White "Botvinnik, Ilia"]
[Black "Greenfeld, Alon"]
[Result "0-1"]
[WhiteElo "2434"]
[BlackElo "2570"]
[Annotator "Krasenkow,M"]
[PlyCount "74"]
[EventDate "2001.02.20"]
[EventType "tourn"]
[EventRounds "9"]
[EventCountry "ISR"]
[EventCategory "9"]
[SourceTitle "CBM 082"]
[Source "ChessBase"]
[SourceDate "2001.05.17"]
[SourceVersion "1"]
[SourceVersionDate "2001.05.17"]
[SourceQuality "1"]

1. d4 Nf6 2. c4 g6 3. f3 d5 4. Nc3 {This rare line has been discussed in
detail in CBM77.} c6 5. cxd5 $5 $146 {Quite a curious novelty.} (5. e4 {
is usually played.}) 5... Nxd5 (5... cxd5 6. e4 dxe4 7. fxe4 Bg7 {was possible,
too.}) 6. e4 Nxc3 7. bxc3 Bg7 8. Bc4 {Now we have a "normal" position but with
pawns on f3 and c6, which is not quite normal. In my opinion, this difference
is rather favourable for White: f2-f3 (supporting the centre) is more
important than ...c7-c6.} O-O 9. Ne2 c5 ({It looks more logical to push ...
e7-e5. If Black starts with} 9... Nd7 {then White can prevent it by means of}
10. f4 {; then after} c5 {Black can try ...Nd7-b6, ...c5-c4 and ...f7-f5
creating a blockade; still, the outcome of this plan is uncertain.}) ({Perhaps,
the immediate} 9... e5 {was most precise.}) 10. Be3 Nc6 11. Rc1 {It is clear
now that the pawn is better placed on f3 than f2.} (11. O-O Bd7 {leads to the
well-known line 10...Bg4 11.f3 Bd7 in the "normal" system.}) 11... e5 {Black
is trying to find a disadvantage in the position of the white pawn on f3 and...
succeeds with the help of White!} ({If} 11... cxd4 {then} 12. cxd4 Qa5+ 13. Kf2
{connecting the rooks.}) 12. dxc5 (12. d5 $142 $1 Na5 13. Bd3 {and after} Bh6
$6 14. Bxc5 Bxc1 15. Bxf8 Be3 16. Bb4 {Black has no sufficient compensation
for the missing pawn.}) 12... Na5 (12... Qh4+ {is useless:} 13. Bf2 (13. g3 Qh3
$44) (13. Ng3 Bh6 $44) 13... Qg5 14. O-O Rd8 15. Qb3 {[%csl Rf7]} Na5 16. Bxf7+
Kf8 17. Qa4 Kxf7 18. Qxa5 Rd2 19. Ng3 {and Black has too little for two pawns.}
) 13. Bd5 (13. Qxd8 $5 Rxd8 14. Bd5 Be6 15. c4 {and if Black tries to
recapture the pawn} Rac8 {then White starts a kingside counterplay:} 16. h4 $1)
13... Be6 (13... Bh6 $2 {doesn't work yet because of} 14. Bxf7+) 14. c4 (14.
Bxe6 fxe6 {is not dangerous for Black (his double pawns protect the important
central squares).}) 14... Bh6 $1 {The point! Black swaps his "bad" bishop for
White's "good" one, which makes the defence of the c5 pawn difficult for White.
} 15. Bxh6 (15. Qd2 $5 Bxe3 16. Qxe3 Rc8 17. h4 $5 {White has, however,
another plan: he intends to press on the queenside, thus defending his c5 pawn.
}) 15... Qh4+ 16. Kf1 {After this White's uncastled king becames his major
problem.} (16. g3 Qxh6 17. Qa4 Nc6 {doesn't change much as White can't castle
anyway:} 18. O-O $2 Qe3+ 19. Rf2 Nd4 $19) (16. Ng3 Qxh6 17. Rc3 $5) 16... Qxh6
17. Qa4 Nc6 18. Qa3 (18. Bxc6 bxc6 19. Kf2 Rad8 $36) 18... Rfc8 19. Rb1 Rc7 20.
Kf2 Qh4+ $6 {White now wins a second pawn, although Black maintains a good
compensation.} (20... Nd8 $5 21. Rhd1 Qf8) 21. g3 Qe7 22. Rxb7 Rxb7 23. Bxc6
Rd8 24. Bxb7 Qxb7 25. Rc1 h5 26. h4 Kh7 27. Rc2 Rd1 {A premature invasion.} (
27... Qd7 $142 {lookind both at d1 and h3.}) 28. Rc1 Rd2 29. Ke3 Rb2 $2 30. Rc3
$1 {[%cal Yc3b3] The b2 rook is trapped and will now be exchanged!} a5 31. Rb3
Rxe2+ 32. Kxe2 Bxc4+ 33. Ke3 $6 {Certainly a time-trouble oversight.} (33. Kf2
Qd7 34. Qc1 Bxb3 35. axb3 Qh3 36. c6 Qh2+ 37. Ke3 Qxg3 38. Qc3 $18 {[%csl Gc6]}
) 33... Qd7 {[%cal Rd7d4,Rd7d1]} 34. Rd3 $8 Qh3 35. Rc3 Bb5 36. Qb2 $2 (36.
Qxa5 $6 Qd7 $1) (36. Kd2 {still gave White good winning chances as his king
escaped to the queenside.}) 36... Qxg3 37. Qc2 $4 {A self-mate.} ({After} 37.
Kd2 {Black can hardly find anything better than the perpetual check:} Qf2+ 38.
Kc1 Qe1+ 39. Kc2 Ba4+ 40. Kd3 Bb5+ $1) 37... Qe1+ 0-1

[Event "Biel GM"]
[Site "Biel"]
[Date "2000.07.30"]
[Round "6"]
[White "Milov, Vadim"]
[Black "Svidler, Peter"]
[Result "1/2-1/2"]
[WhiteElo "2626"]
[BlackElo "2689"]
[Annotator "Krasenkow,M"]
[PlyCount "67"]
[EventDate "2000.07.24"]
[EventType "tourn"]
[EventRounds "10"]
[EventCountry "SUI"]
[EventCategory "16"]
[SourceTitle "CBM 079"]
[Source "ChessBase"]
[SourceDate "2000.11.21"]
[SourceVersion "1"]
[SourceVersionDate "2000.11.21"]
[SourceQuality "1"]

1. d4 Nf6 2. c4 g6 3. Nc3 d5 4. Nf3 Bg7 5. Bg5 Ne4 6. Bf4 Nxc3 7. bxc3 c5 8. e3
O-O 9. cxd5 cxd4 10. cxd4 Qxd5 11. Be2 Nc6 12. O-O Bf5 13. Qa4 Qa5 14. Qb3 Qb4
15. Rfc1 Rac8 16. Bc4 $146 {[%cal Yc4d5,Yd5c6] Quite a harmless attempt to
improve White's play in this dull variation. The text move prevents 16...Be6
and prepares Bd5xc6 creating weak pawns in Black's camp.} (16. Bb5 Be6 17. Qd3
Qa5 18. a3 Bd5 19. Rab1 Ba2 20. Ra1 Bd5 21. Rab1 Ba2 {1/2-1/2 Bareev,
E-Kasparov,G/Sarajevo 1999-CBM71}) 16... Qxb3 17. axb3 a6 18. Bd5 Bd3 {
protecting the a6 pawn and moving to b5.} 19. Nd2 Rfd8 20. Bxc6 Rxc6 21. Rxc6
bxc6 {[%cal Rc6c5]} 22. Rc1 Bb5 {[%cal Re7e5] Black's pair of bishops and the
active position of his pieces compensate the defects of his pawn structure.
Tactics is also on his side.} 23. Nb1 ({Unfortunately,} 23. Ne4 {doesn't work
in view of} Bxd4 $1 24. exd4 Rxd4 25. f3 f5 26. Be5 (26. Be3 Rd3) 26... Rd5) (
23. Nc4 $5 {doesn't give anything either:} Bxc4 24. bxc4 (24. Rxc4 e5 25. Bg5
f6 26. Bh4 exd4 27. exd4 c5 $1) 24... a5 25. c5 (25. Ra1 c5 $1) 25... a4 26.
Ra1 Ra8 {and then ...f6 and ...e5}) 23... f6 24. Nc3 e5 25. dxe5 fxe5 26. Bg5
Rd3 27. g4 (27. e4 Bf8 {doesn't change much}) 27... Bf8 28. Bf6 Ba3 29. Rc2 Bd6
30. Kg2 (30. Ne4 $4 Rd1+ 31. Kg2 Bd3) 30... Kf7 31. g5 (31. Ne4 Rxb3) 31... Ke6
32. Kf3 Kf5 33. Ne4 Ke6 34. Nc3 1/2-1/2

[Event "VISA Nordic GP Final"]
[Site "Gentofte"]
[Date "1999.08.17"]
[Round "10"]
[White "Gretarsson, Helgi Ass"]
[Black "Olafsson, Helgi"]
[Result "1-0"]
[WhiteElo "2521"]
[BlackElo "2494"]
[Annotator "Krasenkow,M"]
[PlyCount "51"]
[EventDate "1999.08.05"]
[EventType "tourn"]
[EventRounds "13"]
[EventCountry "DEN"]
[EventCategory "9"]
[SourceTitle "CBM 073"]
[Source "ChessBase"]
[SourceDate "1999.12.01"]
[SourceVersion "1"]
[SourceVersionDate "1999.12.01"]
[SourceQuality "1"]

1. d4 Nf6 2. c4 g6 3. Nc3 d5 4. Bg5 Bg7 $5 {In 1985, at a small tournament in
Vani (Georgia), I shared a room with a player from Saratov, Gennady Tunik (he
is now a well-known IM). He is a merry person, so it was a great fun to
associate with him. Gennady told me a lot of funny things, among them a story
of his recent game against Valery Yandemirov, in which his opponent (by the
way, my old friend from junior and students' tournaments) played a "crazy"
move 4...Bg7. Gennady quickly won that game, and we made some jokes about some
players' "inventiveness". We couldn't know that a decade later a new rising
star, Peter Svidler, would pick up and develop the "crazy" line and I would
myself have serious problems to master it. The idea behind 4...Bg7 is simple:
let White temporary win a pawn but Black obtains a pair of bishops and good
development.} 5. Bxf6 (5. e3 {is another option:} c5 6. Bxf6 Bxf6 7. cxd5 cxd4
8. exd4 {and now not} {but} O-O (8... Qb6 $6 {forgetting about development} 9.
Nf3 (9. Bb5+ $5) 9... Qxb2 10. Qc1 Qb6 11. Rb1 Qd8 $2 (11... Qc7) 12. Qh6 Qc7
13. Rc1 Bg4 14. Bb5+ Nd7 15. O-O Bxf3 16. Ne4 Qb6 17. Bxd7+ Kxd7 18. Qh3+ Kd8
19. Qxf3 Ke8 20. d6 Qxd4 21. Rfd1 Qb2 22. Rb1 Qe5 23. Nxf6+ Qxf6 24. d7+ {
1-0 Tunik,G-Yandemirov,V/Kislovodsk 1985}) 9. Nf3 (9. Bc4 Qb6 10. Nge2 Qxb2 11.
Rb1 Qa3 12. O-O Nd7 13. Ne4 Nb6 14. Bb3 Bg7 15. Re1 Rd8 16. N2c3 Bf5 17. g4
Bxe4 18. Rxe4 Rac8 {1/2-1/2 Krasenkow,M-Svidler,P/Madrid 1998 (26) with
excellent play for Black}) 9... Bg4 (9... Nd7 $6 10. Bc4 Nb6 11. Bb3 Bg4 12.
O-O Rc8 13. Re1 Bxf3 14. Qxf3 Bxd4 15. Rad1 Bxc3 16. bxc3 Qd6 17. h4 h5 18. Rd4
Kg7 19. Rf4 $40 {1-0 Smyslov,V-Liberzon,V/Moskva 1969 (31)}) 10. Bc4 Qb6 {
with good counterplay for Black.}) (5. Nf3 {-see D91}) 5... Bxf6 6. cxd5 (6.
Nxd5 Bg7 7. e3 c5 8. Nf3 Nc6 $13) 6... c6 7. e4 $1 {White must try to keep his
extra pawn if he fights for an advantage.} (7. e3 {is harmless:} cxd5 8. Bb5+ (
8. Nf3 O-O 9. Be2 b6 10. O-O e6 11. Rc1 Bb7 12. Qa4 Nc6 13. Ba6 Bxa6 14. Qxa6
Qd7 15. a3 Rac8 16. Rc2 Nb8 17. Qe2 Qb7 18. Rfc1 Nc6 19. b4 Rfd8 {1/2-1/2
Zvjaginsev,V-Leko,P/Wijk 1995/CBM 45 (30)}) 8... Kf8 (8... Bd7 $2 9. Bxd7+ Qxd7
10. Qf3 O-O 11. Qxd5 {1-0 Groszpeter,A-Adorjan,A/HUN-chT 1992 (50)}) (8... Nc6
$5 9. Nf3 O-O 10. Bxc6 bxc6 11. O-O Bg4 $11) 9. Nge2 Kg7 10. Nf4 e6 11. O-O Qd6
(11... a6 12. Be2 Qd6 13. Nd3 Nd7 14. Qb3 b6 15. f4 Bb7 16. Ne5 Rhd8 17. Rac1
b5 18. a4 b4 19. Na2 Be7 20. a5 $14 {Goldin,A-Svidler,P/St.Petersburg op 1994/
1/2-1/2 (47)}) 12. Rc1 a6 13. Be2 Nc6 14. Nd3 Na5 15. Na4 b6 16. a3 Nc4 17. Nb4
Bd7 18. Bxc4 dxc4 19. Nc3 a5 20. Ne4 Qe7 21. Nxf6 Qxf6 {Karasev,V-Svidler,P/St.
Petersburg-ch 1995/1/2-1/2 (32)}) ({After} 7. dxc6 {the position opens up in
favour of Black's bishops, and he obtains a good compensation for the pawn as
the following examples show:} Bxd4 8. cxb7 Bxb7 9. Qa4+ (9. Qb3 Qc7 (9... Bxc3+
10. bxc3 (10. Qxc3 O-O {[%cal Yd8b6,Yb8c6,Ya8c8]}) 10... Qc7 11. Nf3 Nd7 12. e3
Bxf3 13. gxf3 O-O 14. Be2 Rab8 15. Qa3 Rb6 16. O-O g5 {[%cal Rb6h6]} 17. Qa5
Nc5 $44 {0-1 Korniushin,N-Yandemirov,V/RUS-Cup9 1997 (30)}) 10. e3 Bg7 11. Nf3
(11. Bb5+ Nc6 12. Nf3 O-O 13. O-O Ne5 14. Nxe5 Qxe5 15. e4 Rab8 16. Qa4 Qc5 17.
Be2 Ba8 18. Rab1 Rfd8 $36 {Papaioannou,I-Svidler,P/WchJM-U16 Duisburg 1992/TD
92\06/0-1 (37)}) 11... O-O 12. Be2 Nd7 13. O-O Rab8 14. Qa3 Ne5 15. Rac1 Bxf3
16. gxf3 Qb7 17. f4 Nf3+ 18. Bxf3 Qxf3 19. Qxe7 Rxb2 20. Ne4 Rxa2 21. Nf6+ Kh8
22. Nd7 Qg4+ {1/2-1/2 Crouch,C-Svidler,P/London Lloyds 1991}) (9. Nf3 Bxc3+ 10.
bxc3 Qa5 11. Qb3 O-O 12. e3 Bxf3 13. gxf3 Nd7 14. Qb4 Qf5 15. Be2 Rab8 16. Qe4
Qxe4 17. fxe4 Rb2 18. Rd1 Nc5 19. Bf3 Rxa2 20. O-O a5 21. e5 Rb8 22. Rd5 Rc8
23. Rb1 e6 {Orlinkov,M-Najer,E/Moscow-ch 1996/0-1 (35)}) (9. Rc1 O-O 10. e3
Bxc3+ 11. Rxc3 Qa5 12. Qb3 Bd5 13. Qa3 Qxa3 14. bxa3 Nd7 15. Nf3 Rab8 16. Bd3
Rb2 17. O-O Bxa2 18. Rc7 Rd8 19. Rfc1 Nb6 20. Bf1 Rb1 21. Rxb1 Bxb1 22. Rc1 Be4
23. h3 Rc8 24. Rxc8+ {1/2-1/2 Ferenc,J-Sakalauskas,V/MK Cafe Cup Open B 1999})
(9. e3 Bxc3+ 10. bxc3 Qa5 11. Qc2 (11. Qd4 O-O 12. Qb4 Qc7 13. Nf3 Nc6) 11...
O-O 12. Ne2 Nd7 13. Rb1 Nc5 14. f3 Rab8 $1 15. Nd4 Bd5 16. Be2 Na4 17. Kd2 $6 (
17. Kf2 $8 Nxc3 18. Rxb8 Rxb8 19. Rc1 Nxa2 20. Qc7 Qb6 $1 $15 {Svidler}) 17...
Rfc8 18. Rxb8 Rxb8 19. Bb5 Rxb5 20. Nxb5 Qxb5 $17 {Popov,V-Svidler,P/St.
Petersburg op 1993/0-1 (40)}) 9... Nc6 10. e3 Qb6 11. Bb5 Bxc3+ 12. bxc3 a6 13.
Bd3 Qb2 14. Rb1 Qxc3+ 15. Ke2 Rd8 16. Qc2 Qxc2+ 17. Bxc2 Na5 18. Nf3 O-O 19.
Bd3 Rd6 20. Rhc1 Rfd8 21. Rc3 Bd5 {Lyrberg,P-Kreiman,B/XXXV WJuCh, Medellin
COL 1996/1/2-1/2 (32)}) 7... cxd5 $6 {This new move yielded Black no success
in this game.} (7... Qb6 {was tried in a few games to provoke Nge2 and delay
White's development.} 8. Nge2 (8. e5 Qxb2 9. Nge2 (9. Ne4 $6 Bg7 10. d6 Bf5)
9... Bg7 10. Rb1 Qa3 11. Qd2 O-O 12. g3 f6 $1 13. exf6 Bxf6 14. Bg2 Qa6 15. O-O
Bf5 16. Ne4 Nd7 17. dxc6 bxc6 18. Rbc1 Rad8 19. Nf4 Bxe4 20. Bxe4 Bg5 21. Rxc6
Bxf4 22. Qxf4 Qxf1+ 23. Kxf1 Rxf4 24. gxf4 Nf6 $11 {Chernyshov,K-Oral,T/
Komercni Banka Open 1999/1-0 (56)}) 8... Qxb2 9. Rb1 Qa3 10. Qd2 O-O 11. g3 Rd8
12. Bg2 e5 $1 13. O-O Nd7 14. f4 exd4 15. Nxd4 cxd5 16. Nxd5 Bg7 17. Nb5 Qc5+
18. Kh1 Nb6 19. Qa5 (19. Rfc1 $1 Qf8 20. Rc7 $14) 19... Bg4 20. Rfc1 Qf2 21.
Rf1 Qc5 22. Rfc1 Qf2 23. Rf1 {1/2-1/2 Gretarsson,H-Kalod,R/Komercni Banka Open
1999}) ({A simple} 7... O-O $5 {deserves serious attention and is certainly
going to appear in future practice. Here is a possible variation:} 8. e5 Bg7 9.
dxc6 Nxc6 10. Nge2 Qb6 $44) 8. Nxd5 Bg7 9. Bb5+ Bd7 10. Rc1 $1 {That's the
point! White makes use of Black's delay of castling.} Bxb5 {After this the
black king remains in the centre but the other moves were not very attractive
either:} (10... Bc6 11. Ne2 O-O 12. Bc4 $16) (10... O-O 11. Bxd7 Nxd7 (11...
Qxd7 12. Rc7) 12. Nf3 $16) (10... Nc6 {was probably the most tenacious but
after} 11. Ne2 {Black has no sufficient compensation for the pawn.}) 11. Nc7+
Kf8 12. Nxb5 a6 {An ambitious idea to trap the white knight on c7.} (12... Nc6
13. d5 $16) 13. Nc7 Ra7 14. Nf3 e6 $6 (14... Nc6 $142 15. d5 Qxc7 16. dxc6 bxc6
17. Qd2 $16 {[%csl Rc6,Rf8,Rh8]}) 15. Qb3 Nc6 16. d5 $1 Qxc7 17. dxc6 bxc6 18.
O-O {The black position is completely broken up, his h8 rook is out of play.}
c5 (18... Rb7 19. Qa3+) 19. Rc2 Ke7 {An attempt to connect the rooks but now
the black king doesn't feel very well. Besides, the c5 pawn is extremely weak.}
20. Qe3 Rc8 21. Rfc1 Qa5 22. Rxc5 Rxc5 23. Rxc5 Qxa2 {Black has kept the
material balance but his king is now helpless.} 24. Rc8 Rd7 25. Qc5+ Rd6 26. g3
{[%cal Re4e5,Rc8c7]} 1-0

[Event "ISR-chT"]
[Site "Ramat Aviv"]
[Date "2000.03.03"]
[Round "4.4"]
[White "Botvinnik, Ilia"]
[Black "Mikhalevski, Victor"]
[Result "0-1"]
[WhiteElo "2405"]
[BlackElo "2499"]
[Annotator "Krasenkow,M"]
[PlyCount "36"]
[EventDate "2000.01.14"]
[EventType "team"]
[EventRounds "11"]
[EventCountry "ISR"]
[SourceTitle "CBM 077"]
[Source "ChessBase"]
[SourceDate "2000.07.27"]
[SourceVersion "1"]
[SourceVersionDate "2000.07.27"]
[SourceQuality "1"]
[WhiteTeam "Tel Aviv Ironi"]
[BlackTeam "Beer Sheva"]
[WhiteTeamCountry "ISR"]
[BlackTeamCountry "ISR"]

1. d4 Nf6 2. c4 g6 3. Nc3 d5 4. f3 {An attempt to create a pawn centre without
letting the black knight from f6. In my opinion, this line is not more bizarre
than} (4. cxd5 Nxd5 5. Na4 $6) 4... e6 $146 {Generally, Black has two systems
of development in this position: with ...Bg7 or without ...Bg7.} (4... Bg7 5.
e4 dxe4 (5... e6 6. e5 Nfd7 7. f4 $6 (7. cxd5 exd5 8. f4 $13) 7... dxc4 8. Bxc4
c5 $1 9. dxc5 Bxe5 $1 10. Ne4 O-O 11. Nf3 Bg7 12. O-O b6 13. Be3 bxc5 14. Ne5
Qc7 15. Nxf7 Rxf7 16. Bxe6 Nb6 17. Bxf7+ Qxf7 18. Bxc5 N8d7 19. Bd4 Bb7 20.
Bxg7 {Pomes,J-Tukmakov,V/Barcelona 1993/0-1 (41)}) 6. fxe4 O-O (6... e5 $6 7.
d5 {[%csl Rg7]} O-O 8. Nf3 c6 (8... Ne8 9. Be3 b6 10. Qd2 c5 11. a4 Nd6 12. a5
Ba6 13. b3 Nd7 14. Bd3 f5 15. O-O {1/2-1/2 Dybowski,J-Konopka,M/CZE-chT 1993})
(8... Nh5 9. Be3 f5 10. Qd2 a5 11. exf5 gxf5 12. O-O-O e4 13. Nd4 f4 14. Bg1 e3
15. Qe1 c5 16. Ne6 Bxe6 17. dxe6 Qe7 18. g3 $13 {1-0 Crouch,C-Venkataramanan,T/
Calcutta op 1994 (37)}) 9. Bd3 (9. Be2 b5 (9... cxd5 10. cxd5 Qb6 11. Qb3 Qc5
12. Bg5 h6 13. Bd2 Nbd7 14. Na4 Qc7 15. Rc1 Qd8 16. Qc2 Nh5 17. Qc7 Nf4 18.
Qxd8 Rxd8 19. Bf1 f5 20. exf5 gxf5 21. Bxf4 exf4 22. Bc4 a6 23. Bb3 b5 24. Nc3
{Pomes,J-Malisauskas,V/Oviedo rapid 1993/1/2-1/2 (43)}) 10. dxc6 Qxd1+ 11. Bxd1
bxc4 12. Ba4 Be6 13. O-O Rc8 14. Bg5 Nxc6 15. Bxc6 Rxc6 16. Nxe5 Rc5 17. Bxf6
Bxf6 18. Rxf6 Rxe5 19. Rd1 {Crouch,C-Gurevich,I/Hastings 1992/1/2-1/2 (35)})
9... b5 10. Bg5 (10. Qe2 $5 bxc4 11. Bxc4 cxd5 12. Nxd5 Bb7 13. Bg5 Nbd7 14.
Rd1 Qb8 15. O-O Nxd5 16. Bxd5 Bxd5 17. Rxd5 Nb6 18. Rc5 Rc8 19. Rxc8+ Qxc8 20.
b3 Qc5+ 21. Be3 Qb4 22. Qd3 $14 {Botvinnik,I-Birnboim,N/Israeli League 2000/
1-0 (63)}) 10... bxc4 11. Bxc4 h6 (11... Qa5 12. Nd2 (12. Bxf6 Bxf6 13. dxc6
Qc5 14. Bd5 Nxc6 15. Qd2 Rb8 16. h4 Ba6 17. Bxc6 Qxc6 18. Nd5 Rfe8 19. Rc1 Qd6
20. Rc7 Rb7 21. Rxb7 Bxb7 22. Nxf6+ Qxf6 23. Qe3 Qb6 24. Qxb6 axb6 25. Nd2 Ra8
26. a3 Ra4 {Crouch,C-Gormally,D/International 1999/1/2-1/2 (50)}) 12... Ba6 13.
Qf3 Bxc4 14. Nxc4 Qb4 15. O-O Nbd7 16. dxc6 Qc5+ 17. Ne3 Qxc6 18. Ned5 Nxd5 19.
Nxd5 Qe6 20. Rac1 f6 21. Nc7 Qxa2 22. Nxa8 Rxa8 23. Qh3 {1-0 Seres,L-Vadasz,L/
Balatonbereny op 1996}) 12. Bxf6 Qxf6 13. O-O Nd7 14. Rf2 Nb6 15. Bb3 Bb7 16.
dxc6 Bxc6 17. Qe2 Qe7 18. Raf1 Bd7 19. Nd2 Be6 20. Nc4 Nxc4 21. Bxc4 Bxc4 22.
Qxc4 Rac8 23. Qb3 Qc5 24. Nd5 {1-0 Kelecevic,N-Van der Heijden,T/San
Bernardino op 1994 (31)}) 7. Nf3 c5 {This plan looks more logical after 4...
Bg7 than ...e7-e5.} (7... Bg4 8. Be3 e6 9. Qd2 Nc6 10. e5 Nh5 11. O-O-O Qe7 {
1/2-1/2 Nestorovic,D-Horvath,J/JUG-chT Tivat 1995}) 8. d5 e6 $5 (8... Bg4 9.
Be2 Nbd7 10. O-O Bxf3 11. Bxf3 (11. gxf3 $142 {[%cal Yf3f4]}) 11... Ne5 12. Be2
Ne8 13. Bd2 Nd6 14. b3 a6 15. Rc1 b5 16. cxb5 axb5 17. Qc2 c4 18. Be3 Qa5 19.
Bc5 b4 20. Na4 Rfc8 21. Bb6 Qb5 22. Bf2 Nd3 23. Nb6 {Fastberg,J-Salo,H/FIN-chT
1990/1/2-1/2 (38)}) 9. Bd3 exd5 10. cxd5 Re8 11. O-O Nbd7 12. Bf4 c4 13. Bc2
Qb6+ 14. Kh1 Qxb2 15. Na4 Qa3 16. Nd2 b5 17. Rf3 Qe7 18. Nc3 Nh5 19. d6 Qd8 {
Tuvshintugs,B-Nguyen,T/WchJW-U16 Bratislava 1993/0-1 (36)}) (4... c6 {Black
delays the developmant of his bishop to put it on c5 later on.} 5. e4 dxe4 6.
fxe4 e5 7. d5 (7. Bg5 h6 8. Bh4 exd4 9. e5 g5 10. exf6 Qxf6 11. Qe2+ Qe6 12.
O-O-O dxc3 13. Qc2 Qe3+ 14. Kb1 gxh4 15. Nf3 Be6 16. Bd3 Bg7 17. Rhe1 Qb6 18.
b3 Na6 19. Rxe6+ fxe6 20. Bg6+ Ke7 21. Re1 Raf8 22. Bf5 Nc7 23. Qe4 Rxf5 24.
Qxf5 Qf2 {0-1 Ghitescu,T-Smejkal,J/Warsaw 1979}) 7... Ng4 (7... Bc5 8. Qf3 Nbd7
$6 9. Bd3 Nh5 10. Nge2 Qf6 11. Rf1 Qxf3 12. Rxf3 O-O 13. g4 Ng7 14. Bh6 Be7 15.
h3 Nc5 16. Bc2 a5 17. O-O-O Bd7 18. Be3 b6 19. a3 f5 20. b4 {Gheorghiu,F-Knott,
S/London 1980/1-0 (35)}) 8. Qf3 Bc5 9. h3 Nf2 10. Rh2 f5 11. Be3 Nxe4 12. Nxe4
fxe4 13. Qxe4 Bb4+ 14. Ke2 Bf5 15. Qxe5+ Kf7 16. Nf3 Re8 17. Qf4 Kg8 18. Rd1
Qf6 {1/2-1/2 Crouch,C-Rowson,J/BCF-ch 1992}) {The text move leads to positions
similar to the 4...c6 line but the black pawn is still on c7, which doesn't
look advantageous for Black.} 5. e4 dxe4 6. fxe4 e5 7. d5 Bc5 8. Nf3 $6 ({
Gheorghiu's} 8. Qf3 {was appropriate in this position, too.}) 8... Ng4 $1 9. b4
$6 {This attempt to trap the black pieces fails.} (9. Qe2 $142 Bf2+ 10. Kd1 {
[%cal Yd1c2]}) 9... Bf2+ (9... Bxb4 $2 10. Qa4+ Nc6 11. Bb2) 10. Ke2 c5 $1 {
[%csl Gd4]} 11. bxc5 (11. h3 Bd4 12. Nxd4 exd4 $17) 11... Bxc5 12. Na4 Na6 $1
13. Nxc5 $2 {This loses the important e4 pawn and the game but it was very
difficult to fight with the king on e2.} (13. Qb3 O-O 14. h3 Nf2) (13. Qc2 f5
$1 $17) 13... Nxc5 14. Qc2 (14. h3 Nxe4) 14... Nxe4 $1 {White probably
overlooked this blow.} 15. Ke1 $6 (15. Qxe4 Bf5 $19) (15. Nxe5 $142 {but after}
O-O 16. Qxe4 Nxe5 {the naked white king has little chances to survive.}) 15...
Bf5 16. Bd3 Qa5+ 17. Kf1 Qc5 18. Rb1 $2 (18. Nxe5 $8 Nxh2+ 19. Rxh2 Ng3+ 20.
Ke1 Qg1+ 21. Kd2 Qxh2 22. Qa4+ Kf8 23. Qb4+ Kg8 $19) 18... Ng3+ 0-1

[Event "EU-Cup 22nd"]
[Site "Fuegen"]
[Date "2006.10.10"]
[Round "3.5"]
[White "Moiseenko, Alexander"]
[Black "Dvoirys, Semen I"]
[Result "1-0"]
[WhiteElo "2632"]
[BlackElo "2553"]
[Annotator "Krasenkow,M"]
[PlyCount "47"]
[EventDate "2006.10.08"]
[EventType "team-swiss"]
[EventRounds "7"]
[EventCountry "AUT"]
[SourceTitle "CBM 115"]
[Source "ChessBase"]
[SourceDate "2006.11.15"]
[SourceVersion "1"]
[SourceVersionDate "2006.11.15"]
[SourceQuality "1"]
[WhiteTeam "Ashdod"]
[BlackTeam "Beer Sheva"]
[WhiteTeamCountry "ISR"]
[BlackTeamCountry "ISR"]

1. d4 Nf6 2. c4 g6 3. Nc3 d5 4. Bg5 Ne4 5. Bh4 Nxc3 6. bxc3 dxc4 7. e3 Qd5 {
About this line - see CBM 112, annotations to Gustafsson-Braun.} 8. Be2 Qa5 9.
Nf3 $1 $146 {[%mdl 8] An important novelty. White sacrifices the c3 pawn to
quickly develop his pieces and create an attack.} (9. Qc1 Be6 10. Nf3 Nd7 11.
O-O Nb6 12. e4 f6 13. a4 Nxa4 14. Bd1 b5 15. Nd2 Bh6 16. Bxa4 bxa4 17. f4 $5 {
0-1 Gostisa,L-Kozul,Z/Portoroz 1994/TD (35)}) 9... Qxc3+ 10. Nd2 c6 $6 {
Black's plan (...Qc3-a5-d8, ...Bf8-g7 and ...0-0) is too slow; besides, White
easily prevents it. However, it's not so easy to give advice.} ({Perhaps} 10...
Bf5 $5 11. Rc1 (11. O-O Qc2 $5) 11... Qa5 12. Bxc4 Nc6 13. Qb3 O-O-O) 11. O-O
Qa5 12. Nxc4 Qd8 13. Qb3 Bg7 14. Qa3 Bf8 {This picturesque position is not
from an Anderssen or Morphy game! But neither Anderssen nor Morphy could
convert his advantage better:} 15. d5 $1 cxd5 16. Qc3 f6 17. Nd6+ $1 Qxd6 (
17... exd6 18. Bxf6) 18. Qxc8+ Kf7 19. Bb5 $1 Bg7 20. Qxb7 Rd8 21. Qxa8 Qb4 22.
Rab1 Qxh4 23. Be2 f5 24. g3 1-0